00408nam a2200157Ia 4500008004100000082000900041100002100050245002900071250000600100260003600106300000800142600002100150630002900171700002100200730002900221090124s9999 xx 000 0 und d b1234 aMORISON THEODORE aIMPERIAL RULE IN INDIA  a0 bARCHIBALD CONSTABLE & CO.c1899 a147 aMORISON THEODORE aIMPERIAL RULE IN INDIA  aMORISON THEODORE aIMPERIAL RULE IN INDIA